000 00642nac a22001931u 4500
008 100906s1994 n ill |r|||| 001 0 eng d
010 _a94001548
020 _a1558513388
020 _a9781558513389
082 0 0 _a005.71
_bHER
_222
100 _aHerbon, Gamal.
_918428
245 1 0 _aDesigning netware directory services /
_cGamal Herbon.
260 _aNew York :
_bM&T Books,
_cc1994.
300 _axv, 319 p. :
_bill., maps ;
_c24 cm.
500 _aIncludes index.
650 0 _aLocal area networks (Computer networks)
_918429
650 0 _aDirectory services (Computer network technology)
_918430
942 _cBB
_k005.71 HER
_2ddc
999 _c695
_d695